<?xml version="1.0" encoding="UTF-8"?>
<record
    xmlns:xsi="http://www.w3.org/2001/XMLSchema-instance"
    xsi:schemaLocation="http://www.loc.gov/MARC21/slim http://www.loc.gov/standards/marcxml/schema/MARC21slim.xsd"
    xmlns="http://www.loc.gov/MARC21/slim">

  <leader>01080nam a2200241Ia 4500</leader>
  <controlfield tag="003">IN-BaIIA</controlfield>
  <controlfield tag="008">211028s9999    xx            000 0 eng d</controlfield>
  <datafield tag="020" ind1=" " ind2=" ">
    <subfield code="a">0-521-86345-7</subfield>
  </datafield>
  <datafield tag="040" ind1=" " ind2=" ">
    <subfield code="c">IIA Library</subfield>
  </datafield>
  <datafield tag="080" ind1=" " ind2=" ">
    <subfield code="a">082.2:52</subfield>
    <subfield code="b">IAU-S236</subfield>
  </datafield>
  <datafield tag="111" ind1=" " ind2=" ">
    <subfield code="a">Symposium of the International Astronomical Union</subfield>
    <subfield code="n">236th</subfield>
    <subfield code="c">Czech Republic</subfield>
    <subfield code="d">2006 Aug. 14-18</subfield>
    <subfield code="9">30903</subfield>
  </datafield>
  <datafield tag="245" ind1=" " ind2="0">
    <subfield code="a">Near earth objects, our celestial neighbors-opportunity and risk</subfield>
    <subfield code="b">proceedings of the 236th symposium of the IAU held in Prague, Czech Republic, 14-18 August, 2006</subfield>
    <subfield code="c">edited by Andrea Milani, Giovanni B. Valsecchi and David Vokrouhlicky                                              </subfield>
  </datafield>
  <datafield tag="260" ind1=" " ind2=" ">
    <subfield code="a">Cambridge</subfield>
    <subfield code="b">Cambridge University Press</subfield>
    <subfield code="c">2007</subfield>
  </datafield>
  <datafield tag="300" ind1=" " ind2=" ">
    <subfield code="a">xxiv, 500p.</subfield>
  </datafield>
  <datafield tag="490" ind1=" " ind2=" ">
    <subfield code="a">IAU symposium; no. 236</subfield>
  </datafield>
  <datafield tag="650" ind1=" " ind2=" ">
    <subfield code="a">Comets-Congresses</subfield>
    <subfield code="9">30050</subfield>
  </datafield>
  <datafield tag="650" ind1=" " ind2=" ">
    <subfield code="a">Near-Earth asteroids-Congresses</subfield>
    <subfield code="9">30904</subfield>
  </datafield>
  <datafield tag="650" ind1=" " ind2=" ">
    <subfield code="a">Outer space-Exploration-Congresses.</subfield>
    <subfield code="9">30905</subfield>
  </datafield>
  <datafield tag="700" ind1=" " ind2=" ">
    <subfield code="a">Valsecchi, Giovanni B., ed.</subfield>
    <subfield code="9">30906</subfield>
  </datafield>
  <datafield tag="700" ind1=" " ind2=" ">
    <subfield code="a">Vokrouhlicky, David, ed.</subfield>
    <subfield code="9">30907</subfield>
  </datafield>
  <datafield tag="710" ind1=" " ind2=" ">
    <subfield code="a">International Astronomical Union</subfield>
  </datafield>
  <datafield tag="942" ind1=" " ind2=" ">
    <subfield code="c">BK</subfield>
  </datafield>
  <datafield tag="999" ind1=" " ind2=" ">
    <subfield code="c">16599</subfield>
    <subfield code="d">16599</subfield>
  </datafield>
  <datafield tag="952" ind1=" " ind2=" ">
    <subfield code="0">0</subfield>
    <subfield code="1">0</subfield>
    <subfield code="4">0</subfield>
    <subfield code="7">0</subfield>
    <subfield code="a">BAN</subfield>
    <subfield code="b">BAN</subfield>
    <subfield code="c">GEN</subfield>
    <subfield code="d">2007-08-30</subfield>
    <subfield code="e">EDS   </subfield>
    <subfield code="g">5137.94</subfield>
    <subfield code="l">0</subfield>
    <subfield code="o">082.2:52/ IAU-S236</subfield>
    <subfield code="p">17521</subfield>
    <subfield code="r">2021-11-05</subfield>
    <subfield code="v">5137.94</subfield>
    <subfield code="w">2007-08-30</subfield>
    <subfield code="y">BK</subfield>
    <subfield code="G">Rs. 5137.94  </subfield>
  </datafield>
</record>
